Web Hacking Attack and Defense (Record no. 23511)

000 -LEADER
fixed length control field 00277nam a22000977a 4500
008 - FIXED-LENGTH DATA ELEMENTS--GENERAL INFORMATION
fixed length control field 131105b xxu||||| |||| 00| 0 eng d
020 ## - INTERNATIONAL STANDARD BOOK NUMBER
International Standard Book Number 8177582313
Terms of availability Available
050 ## - LIBRARY OF CONGRESS CALL NUMBER
Classification number 005.8MCC
245 ## - TITLE STATEMENT
Title Web Hacking Attack and Defense
Statement of responsibility, etc. McClure Stuart
260 ## - PUBLICATION, DISTRIBUTION, ETC.
Place of publication, distribution, etc. India
Name of publisher, distributor, etc. Pearson Education
Date of publication, distribution, etc. 2006
Holdings
Withdrawn status Lost status Source of classification or shelving scheme Damaged status Not for loan Permanent Location Current Location Shelving location Date acquired Full call number Barcode Date last seen Price effective from Koha item type
          NUST Baluchistan Campus (NBC) NUST Baluchistan Campus (NBC) General Stacks 11/05/2013 005.82MCC RCMS000512 11/05/2013 11/05/2013 Book
© 2023 Central Library, National University of Sciences and Technology. All Rights Reserved.